Gachupín : del rapaz a la rosa___ : historia de un hombre /

Đã lưu trong:
Chi tiết về thư mục
Tác giả chính: Cires Gavidia, Víctor (autor)
Định dạng: Sách
Ngôn ngữ:Tiếng Tây Ban Nha
Được phát hành: México : editorial no identificada, 1992, c1987
Những chủ đề:
Các nhãn: Thêm thẻ
Không có thẻ, Là người đầu tiên thẻ bản ghi này!

MARC

LEADER 00000nam^a2200000^a^4500
001 000296152
005 20250521000000.0
009 20260310112300.591
025 |a Donación Roberto Cruz Fuentes, 1 ejemplar 
037 |a Acervo Xavier Clavigero 
041 |a ESP 
082 |a 863.  |b CIR 
100 |a Cires Gavidia, Víctor  |e (autor) 
245 1 0 |a Gachupín :  |b del rapaz a la rosa___ : historia de un hombre /  |c V. Cires Gavidia. 
264 4 |a México :  |b editorial no identificada,  |c 1992, c1987 
300 |a 191 p. 
336 |a texto  |b txt  |2 rdacontenido 
337 |a sin mediación  |b n  |2 rdamedio 
338 |a volumen  |b nc  |2 rdasoporte 
649 |a XX 
650 |a Novela Histórica 
650 |a Literatura Mexicana -  |y Siglo XX 
650 |a Relaciones Interculturales -  |z México-España 
910 |a Fondo Roberto Cruz Fuentes S.J. 
920 |a Impresos - Libros 
930 |a Fondos Especiales 
940 |a Literatura 
905 |a 122 
901 |a 0500182191  |b IT2  |c ESP  |i FXC DRCF  |u 20250521 
902 |a https://opac.biblio.iteso.mx/vufind/Record/000296152